[Event "Challenge"]
[Site "http://www.queenalice.com/game.php?id=575051"]
[Date "2009.4.20"]
[Round "-"]
[White "Stewart_The_Great"]
[Black "gambitmiau64"]
[Result "1-0"]
[WhiteElo "1510"]
[BlackElo "1615"]

1. e4 Nc6 2. Qf3 e5 3. Bc4 Qe7 4. d3 Nf6 5. Bg5 Nd4 6. Qd1 d6 7. c3 Be6 8. cxd4
O-O-O 9. d5 Bd7 10. Qb3 b6 11. Nc3 h6 12. Bh4 g5 13. Bg3 Nh5 14. Qa3 Kb8 15. Nb5
Bxb5 16. Bxb5 a5 17. Rc1 g4 18. h4 Nxg3 19. fxg3 h5 20. b4 c6 21. dxc6 Qa7 22.
c7+ Kc8 23. cxd8=Q+ Kxd8 24. Qc3 axb4 25. Qc8+ Ke7 26. Rc7+ 1-0

[Event "Challenge"]
[Site "http://www.queenalice.com/game.php?id=575053"]
[Date "2009.4.20"]
[Round "-"]
[White "gambitmiau64"]
[Black "berguette"]
[Result "1-0"]
[WhiteElo "1595"]
[BlackElo "1495"]

1. e4 e5 2. Nf3 Nc6 3. Bb5 a6 4. Bxc6 bxc6 5. Nxe5 Nh6 6. d4 Bb4+ 7. c3 d6 8.
Nxc6 Qd7 9. Nxb4 O-O 10. Bxh6 gxh6 11. O-O c5 12. dxc5 a5 13. c6 Qe6 14. Nd5 f6
15. Nc7 Qxe4 16. Nxa8 Ba6 17. Re1 Qg6 18. c7 Rxa8 19. Qxd6 a4 20. Qd8+ Rxd8 21.
cxd8=Q+ Kg7 22. Re7+ Qf7 23. Rxf7+ Kxf7 24. Na3 f5 25. Re1 1-0

[Event "Challenge"]
[Site "http://www.queenalice.com/game.php?id=600681"]
[Date "2009.6.9"]
[Round "-"]
[White "gambitmiau64"]
[Black "denisaugusto09"]
[Result "1-0"]
[WhiteElo "1641"]
[BlackElo "1629"]

1. e4 Nf6 2. e5 Nd5 3. d4 e6 4. Nf3 Nc6 5. Bc4 Be7 6. Bxd5 exd5 7. O-O d6 8. Re1
O-O 9. h3 b6 10. Nc3 dxe5 11. dxe5 Bb4 12. Nd4 Nxd4 13. Qxd4 Bxc3 14. Qxc3 d4
15. Qg3 g6 16. Bg5 Qd5 17. Bf6 Bb7 18. Qg5 h6 19. Qg3 c5 20. f3 d3 21. cxd3 Qxd3
22. Qh4 Kh7 23. Bg5 h5 24. Rad1 Qc2 25. Be3 Qf5 26. f4 Qe4 27. Qf2 Qf5 28. Rd6
Rad8 29. Rf6 Qe4 30. Bxc5 Rd1 31. Rxd1 bxc5 32. e6 Kg7 33. Rxf7+ Rxf7 34. exf7
Kxf7 35. Qf3 Qxf3 36. gxf3 Bxf3 37. Rd7+ Kf6 38. Rxa7 Kf5 39. Ra5 Kxf4 40. Rxc5
Kg3 41. Rg5+ Kxh3 42. Rxg6 Be4 43. Rg7 Bd5 44. a4 Bc6 45. a5 Bb5 46. Kf2 h4 47.
Rg1 Bc6 48. a6 Kh2 49. Rg7 h3 50. b4 Bg2 51. b5 Kh1 52. b6 h2 53. Rh7 Bb7 54.
Rxh2+ 1-0

[Event "Challenge"]
[Site "http://www.queenalice.com/game.php?id=600924"]
[Date "2009.6.9"]
[Round "-"]
[White "gambitmiau64"]
[Black "woinic"]
[Result "1-0"]
[WhiteElo "1607"]
[BlackElo "1726"]

1. e4 c6 2. d4 d5 3. e5 Bf5 4. Bd3 Bxd3 5. Qxd3 e6 6. Nf3 c5 7. c4 cxd4 8. Qxd4
Nc6 9. Qd1 Nge7 10. cxd5 Nxd5 11. O-O Qc7 12. Re1 Rd8 13. Qe2 Ncb4 14. Na3 Rc8
15. Bd2 Nc6 16. Rac1 a6 17. Nd4 Qb6 18. Nxc6 Rxc6 19. Rxc6 Qxc6 20. Rc1 Qd7 21.
Nc4 Be7 22. Rd1 Qc7 23. Rc1 Qb8 24. Nd6+ Bxd6 25. exd6 O-O 26. Qc4 Qxd6 27. g3
h6 28. Rd1 Rc8 29. Qxc8+ 1-0

[Event "Challenge"]
[Site "http://www.queenalice.com/game.php?id=601410"]
[Date "2009.6.10"]
[Round "-"]
[White "denisaugusto09"]
[Black "gambitmiau64"]
[Result "1-0"]
[WhiteElo "1602"]
[BlackElo "1641"]

1. e4 Nc6 2. Nf3 d5 3. Bd3 Bg4 4. c3 Ne5 5. Be2 Nxf3+ 6. Bxf3 Bxf3 7. Qxf3 dxe4
8. Qxe4 Nf6 9. Qxb7 e5 10. Qb5+ Nd7 11. O-O Bd6 12. d3 O-O 13. Qc4 Nb6 14. Qg4
f5 15. Qg5 Be7 16. Qg3 f4 17. Qh3 Rf6 18. Nd2 Rh6 19. Qf5 Bd6 20. Nf3 Nd7 21.
Ng5 Qe7 22. Bxf4 exf4 23. Qd5+ Kf8 24. Qxa8+ Qe8 25. Qxa7 Qc8 26. Rae1 Ne5 27.
Qd4 Rg6 28. Qxf4+ Kg8 29. Rxe5 Bxe5 30. Qc4+ Kh8 31. Nf7+ 1-0

[Event "Challenge"]
[Site "http://www.queenalice.com/game.php?id=604648"]
[Date "2009.6.16"]
[Round "-"]
[White "gambitmiau64"]
[Black "knight401"]
[Result "1-0"]
[WhiteElo "1628"]
[BlackElo "1557"]

1. e4 e5 2. d4 exd4 3. Nf3 Nc6 4. c3 dxc3 5. Bc4 h6 6. O-O d6 7. a3 cxb2 8. Bxb2
Be6 9. Bxe6 fxe6 10. Nc3 e5 11. Nd2 Qd7 12. f4 exf4 13. Rxf4 Nf6 14. Nb5 O-O-O
15. Bxf6 gxf6 16. Rc1 a6 17. Nc3 Bg7 18. Nd5 Rhf8 19. Nc4 Rde8 20. Ncb6+ cxb6
21. Nxb6+ 1-0

[Event "Challenge"]
[Site "http://www.queenalice.com/game.php?id=615312"]
[Date "2009.7.8"]
[Round "-"]
[White "gambitmiau64"]
[Black "AloPrado"]
[Result "0-1"]
[WhiteElo "1642"]
[BlackElo "1949"]

1. e4 c5 2. Nf3 d6 3. Bc4 e6 4. d4 cxd4 5. Qxd4 Nc6 6. Bb5 Bd7 7. Bxc6 Bxc6 8.
O-O Nf6 9. Bg5 Be7 10. Nc3 O-O 11. Rad1 d5 12. exd5 Nxd5 13. Bxe7 Qxe7 14. Nxd5
Bxd5 15. Qg4 Rac8 16. Nd4 a6 17. b3 Rfd8 18. Rfe1 Qa3 19. c4 Bc6 20. Re2 Qe7 21.
Red2 Be8 22. h3 Rd7 23. Nf3 Rxd2 24. Rxd2 Rd8 25. Qf4 h6 26. Kh2 Rxd2 27. Qxd2
Qd7 28. Qe3 Qd6+ 29. g3 Kf8 30. c5 Qd5 31. Nd4 e5 32. Nf5 Bc6 33. f3 Qxf3 34.
Qxf3 Bxf3 35. Kg1 h5 36. Kf2 Bc6 37. Nd6 Ke7 38. Ke3 g5 39. b4 Ke6 40. a3 b6 41.
Ne4 Bxe4 42. Kxe4 f5+ 43. Ke3 bxc5 44. Kd3 cxb4 45. axb4 Kd5 0-1

[Event "Challenge"]
[Site "http://www.queenalice.com/game.php?id=622561"]
[Date "2009.7.21"]
[Round "-"]
[White "paulofreitas"]
[Black "gambitmiau64"]
[Result "1-0"]
[WhiteElo "1544"]
[BlackElo "1671"]

1. e4 Nc6 2. d3 d5 3. Nc3 dxe4 4. dxe4 Qxd1+ 5. Kxd1 e5 6. f4 Bg4+ 7. Nge2
O-O-O+ 8. Bd2 Bb4 9. fxe5 Nxe5 10. Kc1 Nf6 11. a3 Bxc3 12. Nxc3 Rd7 13. Be3 Rhd8
14. Be2 Nc4 15. Bxc4 Nxe4 16. Bd3 Nxc3 17. bxc3 b6 18. h3 Be6 19. Bxh7 g6 20.
Bd4 Re8 21. Bg7 f5 22. Bxg6 Rxg7 23. Bxe8 Rxg2 24. Kb2 Bd5 25. Rae1 Kd8 26. Bh5
Be4 27. Bd1 Rg3 28. h4 Bxh1 29. Rxh1 f4 30. h5 f3 31. h6 f2 32. h7 1-0

[Event "Challenge"]
[Site "http://www.queenalice.com/game.php?id=635832"]
[Date "2009.8.13"]
[Round "-"]
[White "Andre_Mendes"]
[Black "gambitmiau64"]
[Result "1-0"]
[WhiteElo "1673"]
[BlackElo "1657"]

1. e4 Nc6 2. d4 d5 3. e5 Bf5 4. g4 Be4 5. f3 Bg6 6. Bb5 Qd7 7. Nc3 O-O-O 8. Nge2
e6 9. Nf4 Nge7 10. h4 h6 11. h5 Bh7 12. b3 g5 13. hxg6 fxg6 14. Na4 g5 15. Nc5
Qe8 16. Nfxe6 Qg6 17. Nxd8 Kxd8 18. Nxb7+ Kc8 19. Bxc6 Nxc6 20. Nc5 Bxc5 21.
dxc5 Nxe5 22. O-O h5 23. Qxd5 Re8 24. Rd1 Kb8 25. gxh5 Qxh5 26. c6 Nxf3+ 27. Kf2
a6 28. Be3 Rc8 29. Qc5 Qh2+ 30. Kxf3 Qh3+ 31. Ke2 Qg2+ 32. Ke1 Qg3+ 33. Bf2 Re8+
34. Kd2 Qf4+ 35. Kc3 Qf6+ 36. Kb4 Qf4+ 37. Ka3 Qf8 38. Qxf8 Rxf8 39. Rf1 Kc8 40.
Be3 Rg8 41. Rf7 g4 42. Rxh7 Kd8 43. Rah1 g3 44. Rh8 Rxh8 45. Rxh8+ Ke7 46. Rg8
1-0

[Event "Challenge"]
[Site "http://www.queenalice.com/game.php?id=655480"]
[Date "2009.9.20"]
[Round "-"]
[White "gambitmiau64"]
[Black "thedead"]
[Result "0-1"]
[WhiteElo "1685"]
[BlackElo "1385"]

1. e4 e5 2. Nf3 Nc6 3. d4 exd4 4. c3 dxc3 5. Nxc3 Bb4 6. Bd2 Nge7 7. a3 Bxc3 8.
Bxc3 O-O 9. Bd3 d6 10. Ng5 Ng6 11. Qh5 h6 12. Nh3 Nce5 13. Bc2 Bg4 0-1

[Event "Challenge"]
[Site "http://www.queenalice.com/game.php?id=765526"]
[Date "2010.4.24"]
[Round "-"]
[White "giraldes"]
[Black "gambitmiau64"]
[Result "1-0"]
[WhiteElo "1731"]
[BlackElo "1642"]

1. d4 d5 2. c4 dxc4 3. Nc3 e6 4. e4 Bb4 5. Bxc4 Nc6 6. a3 Be7 7. Nf3 Nf6 8. Bg5
h6 9. Bf4 O-O 10. d5 exd5 11. exd5 Na5 12. Qe2 Nxc4 13. Qxc4 Re8 14. O-O Bg4 15.
Ne5 Bd6 16. Rfe1 Qe7 17. Nxg4 Qd7 18. Nxf6+ 1-0

[Event "Challenge"]
[Site "http://www.queenalice.com/game.php?id=765527"]
[Date "2010.4.24"]
[Round "-"]
[White "gambitmiau64"]
[Black "giraldes"]
[Result "1-0"]
[WhiteElo "1630"]
[BlackElo "1713"]

1. e4 e5 2. Nf3 Nc6 3. Bb5 Nd4 4. Nxd4 exd4 5. O-O Qg5 6. Be2 Bc5 7. d3 d6 8.
Bxg5 f6 9. Bd2 Be6 10. c3 h5 11. cxd4 Bxd4 12. Bc3 Bc5 13. d4 Bb6 14. Bxh5+ Bf7
15. Bxf7+ Kxf7 16. Na3 Rh6 17. Qf3 Ne7 18. Nc4 Rah8 19. Nxb6 axb6 20. h3 g5 21.
e5 dxe5 22. dxe5 Ke8 23. exf6 Ng6 24. f7+ Kf8 25. Bxh8 Nxh8 26. Qxb7 Nxf7 27.
Qxc7 g4 28. hxg4 b5 29. Qc5+ Kg7 30. Rfe1 Rg6 31. Re7 Kf6 32. Qf5+ Kg7 33. Qxf7+
Kh6 34. Rae1 Rg7 35. Qxg7# 1-0

[Event "Challenge"]
[Site "http://www.queenalice.com/game.php?id=780716"]
[Date "2010.5.25"]
[Round "-"]
[White "julianomachado"]
[Black "gambitmiau64"]
[Result "1-0"]
[WhiteElo "1685"]
[BlackElo "1649"]

1. e4 Nc6 2. Nf3 d5 3. exd5 Qxd5 4. Nc3 Qa5 5. d4 Bg4 6. Bb5 O-O-O 7. Bxc6 bxc6
8. O-O Qh5 9. Be3 Bxf3 10. Qxf3 Qxf3 11. gxf3 e6 12. a3 Bd6 13. Ne4 f5 14. Ng5
Nh6 15. Nxe6 Rdg8 16. d5 cxd5 17. Bxa7 Kd7 18. Nc5+ Bxc5 19. Bxc5 g5 20. Bd4 g4
21. Bxh8 gxf3+ 22. Kh1 Rxh8 23. Rfd1 c6 24. Rd3 Re8 25. Rxf3 Re2 26. Rc1 Ke6 27.
Re3+ Rxe3 28. fxe3 Ng4 29. Re1 Ke5 30. a4 Ke4 31. Kg2 Nxe3+ 32. Kf2 f4 33. a5
Kd4 34. a6 Nc4 35. a7 Nb6 36. Re8 Kc5 37. a8=Q Nxa8 38. Rxa8 1-0

[Event "Challenge"]
[Site "http://www.queenalice.com/game.php?id=781931"]
[Date "2010.5.28"]
[Round "-"]
[White "giraldes"]
[Black "gambitmiau64"]
[Result "0-1"]
[WhiteElo "1540"]
[BlackElo "1638"]

1. c4 e5 2. Nc3 Bb4 3. e4 Bxc3 4. bxc3 Nf6 5. Bd3 b6 6. Ba3 Bb7 7. Qf3 d6 8. Qg3
Bxe4 9. Bxe4 O-O 10. d3 c6 11. Bc1 d5 12. Bh6 Nh5 13. Qg4 dxe4 14. Qxh5 gxh6 15.
Qxh6 Kh8 16. Nh3 Rg8 17. O-O Rg6 18. Qe3 Qxd3 19. Rad1 Qxe3 20. fxe3 Rg7 21.
Rd8+ Rg8 22. Rxg8+ Kxg8 23. Ng5 Nd7 24. Nxf7 Rf8 25. Nh6+ Kg7 26. Nf5+ Kg6 27.
Nd6 Rxf1+ 28. Kxf1 Nc5 29. h4 a5 30. g4 Kf6 31. h5 Ke6 32. Ne8 Na4 33. Ng7+ Kf6
34. h6 Nxc3 35. a3 Kg5 36. Ne6+ Kxg4 37. Nf8 Kg5 38. Nxh7+ Kxh6 39. Nf6 b5 40.
cxb5 cxb5 0-1

[Event "Challenge"]
[Site "http://www.queenalice.com/game.php?id=791144"]
[Date "2010.6.16"]
[Round "-"]
[White "gambitmiau64"]
[Black "carito30236"]
[Result "0-1"]
[WhiteElo "1649"]
[BlackElo "1628"]

1. e4 c5 2. c3 Nc6 3. Nf3 a6 4. Bc4 h6 5. O-O d6 6. a3 Be6 7. Bxe6 fxe6 8. d4 c4
9. Nh4 h5 10. Ng6 Rh7 11. Nxf8 Kxf8 12. Qf3+ Nf6 13. Bg5 a5 14. Nd2 d5 15. exd5
exd5 16. Qf5 Kg8 17. Nf3 Qd6 18. Bf4 Qd7 19. Nh4 e6 20. Qc2 Ne4 21. f3 Rf8 22.
fxe4 Ne7 23. exd5 Nxd5 24. Be5 Rxf1+ 25. Rxf1 Ne3 26. Qf2 Nxf1 27. Qxf1 g5 28.
Ng6 Rf7 29. Qxc4 b5 30. Qc5 h4 31. Qc7 Qxc7 32. Bxc7 Rxc7 33. Ne5 Kg7 34. Kf2
Kf6 35. Kf3 Kf5 36. Ke3 g4 37. g3 Rh7 38. c4 b4 39. axb4 axb4 40. c5 h3 0-1

[Event "Challenge"]
[Site "http://www.queenalice.com/game.php?id=791145"]
[Date "2010.6.16"]
[Round "-"]
[White "Marcos_Dal_Ri"]
[Black "gambitmiau64"]
[Result "1-0"]
[WhiteElo "1599"]
[BlackElo "1650"]

1. d4 d5 2. Nf3 Bg4 3. h3 Bxf3 4. exf3 a6 5. Nc3 e6 6. Bd3 Bb4 7. Bd2 Nc6 8. a3
Bd6 9. Ne2 Qf6 10. c3 e5 11. O-O Nge7 12. dxe5 Nxe5 13. Bc2 Nc4 14. Bc1 O-O-O
15. b3 Ne5 16. f4 N5g6 17. b4 Nxf4 18. Nxf4 Bxf4 19. Qg4+ Kb8 20. Bxf4 h5 21.
Qf3 g5 22. Bh2 Qxf3 23. gxf3 f5 24. Be5 Rhg8 25. Rae1 g4 26. fxg4 fxg4 27. Bf6
gxh3+ 28. Kh2 Rdf8 29. Bxe7 Rf3 30. Rg1 Rxf2+ 31. Kxh3 Rxg1 32. Rxg1 Rxc2 33.
Rg8+ Ka7 34. Bc5+ b6 35. Bd4 Ra2 36. Rg5 Rxa3 37. Rxd5 Ra1 38. Rxh5 Kb7 39. Kg4
Kc6 40. Rh6+ Kb5 41. c4+ Kxc4 42. Bxa1 Kxb4 43. Kf4 a5 44. Ke3 a4 45. Kd2 b5 46.
Kc2 c5 47. Bc3+ Kc4 48. Rh4+ Kd5 49. Kb2 Kc6 50. Bd2 c4 51. Bb4 Kd5 52. Kc3 Kc6
53. Rh5 1-0

[Event "Sartek"]
[Site "http://www.queenalice.com/game.php?id=830290"]
[Date "2010.9.9"]
[Round "-"]
[White "gambitmiau64"]
[Black "cyrillt"]
[Result "0-1"]
[WhiteElo "1648"]
[BlackElo "1787"]

1. e4 e5 2. Nf3 Nc6 3. Bb5 d6 4. d4 Bd7 5. Bxc6 Bxc6 6. Nc3 Nf6 7. Bg5 Be7 8.
O-O O-O 9. dxe5 Nxe4 10. Bxe7 Qxe7 11. exd6 cxd6 12. Nxe4 Bxe4 13. Re1 Rae8 14.
Nd2 d5 15. f3 Qc5+ 16. Kf1 Bxc2 17. Nb3 Qc4+ 0-1